[Event "Paris-ch op-B 86th"]
[Site "Paris"]
[Date "2011.07.02"]
[Round "1"]
[White "Belardello, Mario Jovani"]
[Black "Ferriere, Patrick"]
[Result "1-0"]
[WhiteElo "1877"]
[BlackElo "1643"]
[PlyCount "61"]
[EventDate "2011.07.02"]
[EventType "swiss"]
[EventRounds "9"]
[EventCountry "FRA"]
[SourceTitle "EXT 2012"]
[Source "ChessBase"]
[SourceDate "2011.11.24"]
[SourceVersion "1"]
[SourceVersionDate "2011.11.24"]
[SourceQuality "1"]

1. Nf3 Nf6 2. c4 d6 3. d4 g6 4. g3 Bg7 5. Bg2 c5 6. 0-0 cxd4 7. Nxd4 0-0 8. Nc3 Bd7 9. Bxb7 Bh3 10. Bxa8 Bxf1 11. Kxf1 Nbd7 12. Bg2 Ne5 13. b3 Qb6 14. h3 Qb4 15. Bd2 Qc5 16. Nf3 h6 17. Nxe5 dxe5 18. Be3 Qc7 19. Rc1 Nh5 20. Qd5 e6 21. Qc6 Rc8 22. Qxc7 Rxc7 23. Nb5 Rd7 24. Nxa7 f5 25. Bc6 Rf7 26. Be8 Rf6 27. c5 f4 28. gxf4 exf4 29. Bd4 Rf8 30. Bxg7 Kxg7 31. c6 1-0

[Event "Elancourt op"]
[Site "Elancourt"]
[Date "2010.04.28"]
[Round "5"]
[White "Glorieux, Francois"]
[Black "Ferriere, Patrick"]
[Result "1-0"]
[WhiteElo "1399"]
[BlackElo "1704"]
[PlyCount "79"]
[EventDate "2010.04.25"]
[EventType "swiss"]
[EventRounds "9"]
[EventCountry "FRA"]
[SourceTitle "CBM 136 Extra"]
[Source "ChessBase"]
[SourceDate "2010.07.02"]
[SourceVersion "2"]
[SourceVersionDate "2010.07.15"]
[SourceQuality "1"]

1. d4 d5 2. c4 c6 3. Nc3 e6 4. Nf3 f5 5. Bg5 Nf6 6. e3 Be7 7. Bd3 0-0 8. Qc2 h6 9. Bxf6 Bxf6 10. Rg1 Na6 11. a3 Nc7 12. h3 Bd7 13. g4 fxg4 14. hxg4 Bh4 15. Nxh4 Qxh4 16. g5 Qh2 17. 0-0-0 Qxf2 18. Qxf2 Rxf2 19. gxh6 Rf7 20. c5 e5 21. dxe5 Ne6 22. b4 a5 23. Kb2 axb4 24. axb4 Rf2+ 25. Kb3 Rf3 26. e4 Nd4+ 27. Kb2 Rf2+ 28. Kb1 Nb3 29. Rxg7+ Kf8 30. Ne2 Ra1+ 31. Kc2 Rxd1 32. Kxd1 dxe4 33. Bxe4 Bf5 34. Bxf5 Rxf5 35. Kc2 Rxe5 36. Kxb3 Rxe2 37. Rxb7 Rh2 38. h7 Rh3+ 39. Ka4 Rh1 40. h8R+ 1-0

[Event "Elancourt op"]
[Site "Elancourt"]
[Date "2010.04.26"]
[Round "2"]
[White "Appavou, Calixte"]
[Black "Ferriere, Patrick"]
[Result "1-0"]
[WhiteElo "1902"]
[BlackElo "1704"]
[PlyCount "43"]
[EventDate "2010.04.25"]
[EventType "swiss"]
[EventRounds "9"]
[EventCountry "FRA"]
[SourceTitle "CBM 136 Extra"]
[Source "ChessBase"]
[SourceDate "2010.07.02"]
[SourceVersion "2"]
[SourceVersionDate "2010.07.15"]
[SourceQuality "1"]

1. e4 d6 2. d4 Nf6 3. Bd3 g6 4. c3 b6 5. Ne2 Bg7 6. 0-0 c5 7. d5 Ba6 8. Bxa6 Nxa6 9. Qa4+ Qd7 10. Qxa6 Nxe4 11. Nd2 Nf6 12. c4 0-0 13. Nc3 Ng4 14. Nf3 e5 15. h3 Nh6 16. Qa4 Qf5 17. Re1 f6 18. Bxh6 Bxh6 19. Ne4 Rfd8 20. b4 cxb4 21. Qxb4 Rd7 22. Nh4 1-0

[Event "Paris-ch op-B"]
[Site "Paris"]
[Date "2009.07.09"]
[Round "6"]
[White "Lorrain, Olivier"]
[Black "Ferriere, Patrick"]
[Result "1-0"]
[WhiteElo "1814"]
[BlackElo "1683"]
[PlyCount "91"]
[EventDate "2009.07.04"]
[EventType "swiss"]
[EventRounds "9"]
[EventCountry "FRA"]
[SourceTitle "EXT 2010"]
[Source "ChessBase"]
[SourceDate "2010.11.25"]
[SourceVersion "1"]
[SourceVersionDate "2010.11.25"]
[SourceQuality "1"]

1. d4 Nf6 2. Nc3 d6 3. e4 g6 4. f3 Bg7 5. Be3 c6 6. a4 Nbd7 7. Qd2 Qc7 8. Bh6 Bxh6 9. Qxh6 e5 10. Nge2 exd4 11. Nxd4 Qb6 12. Nb3 Rg8 13. a5 Qc7 14. Qd2 Ne5 15. f4 Neg4 16. h3 Nh6 17. g4 Nhxg4 18. hxg4 Bxg4 19. Qd4 Qe7 20. Kf2 c5 21. Bb5+ Kf8 22. Qd3 Kg7 23. Qg3 h5 24. Rhe1 a6 25. Bc4 Be6 26. Nd2 Ng4+ 27. Kg1 Qf6 28. e5 dxe5 29. fxe5 Qd8 30. Bxe6 fxe6 31. Nf3 Rf8 32. Rad1 Qc7 33. Rd3 Rad8 34. Ng5 Qe7 35. Nce4 Rxd3 36. Qxd3 Nxe5 37. Qc3 Rf5 38. Nf3 Qc7 39. Nxc5 Qc6 40. Rxe5 Qxf3 41. Rxf5+ Qxc3 42. bxc3 exf5 43. Nxb7 g5 44. Nc5 Kf7 45. Nxa6 Ke7 46. Nc5 1-0

[Event "Paris-ch op-B"]
[Site "Paris"]
[Date "2009.07.07"]
[Round "4"]
[White "Ferriere, Patrick"]
[Black "Durand, Sylvain"]
[Result "0-1"]
[WhiteElo "1683"]
[BlackElo "1856"]
[PlyCount "88"]
[EventDate "2009.07.04"]
[EventType "swiss"]
[EventRounds "9"]
[EventCountry "FRA"]
[SourceTitle "EXT 2010"]
[Source "ChessBase"]
[SourceDate "2010.11.25"]
[SourceVersion "1"]
[SourceVersionDate "2010.11.25"]
[SourceQuality "1"]

1. c4 Nf6 2. Nf3 e6 3. Nc3 c5 4. d4 cxd4 5. Nxd4 Nc6 6. g3 Bc5 7. Nb3 Be7 8. Bg2 0-0 9. 0-0 b6 10. Nb5 Bb7 11. Bf4 Ne8 12. Nd6 Nxd6 13. Bxd6 Rc8 14. Qd2 Bxd6 15. Qxd6 Na5 16. Nxa5 Bxg2 17. Kxg2 bxa5 18. b3 Qc7 19. Qxc7 Rxc7 20. Rfd1 Rd8 21. Rd6 a4 22. Rad1 Kf8 23. e4 Ke7 24. Ra6 axb3 25. axb3 Rb8 26. Rd3 Rb4 27. e5 Rcb7 28. Ra3 R4b6 29. Kf3 f6 30. exf6+ gxf6 31. Ke3 Rd6 32. c5 Rc6 33. Kd4 d6 34. cxd6+ Rxd6+ 35. Ke3 Rc6 36. b4 Rc4 37. Rdb3 Kd6 38. Kd3 Rc1 39. Rc3 Rb1 40. Ra6+ Ke7 41. Rc4 Rd7+ 42. Kc2 Re1 43. Kb3 Re2 44. Ra2 Rd3+ 0-1

[Event "Saint Quentin op 11th"]
[Site "Elancourt"]
[Date "2009.04.23"]
[Round "7"]
[White "Guillet, Jacques"]
[Black "Ferriere, Patrick"]
[Result "0-1"]
[WhiteElo "1573"]
[BlackElo "1701"]
[PlyCount "39"]
[EventDate "2009.04.18"]
[EventType "swiss"]
[EventRounds "9"]
[EventCountry "FRA"]
[SourceTitle "CBM 129 Extra"]
[Source "ChessBase"]
[SourceDate "2009.05.05"]
[SourceVersion "2"]
[SourceVersionDate "2009.05.20"]
[SourceQuality "1"]

1. e4 d6 2. d4 Nf6 3. Nc3 g6 4. f4 Bg7 5. Nf3 c6 6. e5 dxe5 7. fxe5 Nd5 8. Ne4 Bf5 9. Bd3 Nb4 10. 0-0 Nxd3 11. Qxd3 Na6 12. Bd2 Qb6 13. Bc3 0-0-0 14. a4 c5 15. dxc5 Qc6 16. Nd4 Qxe4 17. Qxe4 Bxe4 18. Rxf7 Bh6 19. Re1 Bd5 20. Nb5 0-1

[Event "Montigny le Bretonneux Noel op 10th"]
[Site "Montigny le Bretonneux"]
[Date "2007.10.27"]
[Round "1"]
[White "Jean, Robert"]
[Black "Ferriere, Patrick"]
[Result "1-0"]
[WhiteElo "1864"]
[BlackElo "1735"]
[PlyCount "71"]
[EventDate "2007.12.26"]
[EventType "swiss"]
[EventRounds "7"]
[EventCountry "FRA"]
[SourceTitle "EXT 2008"]
[Source "ChessBase"]
[SourceDate "2007.11.25"]
[SourceVersion "1"]
[SourceVersionDate "2007.11.25"]
[SourceQuality "1"]

1. c4 Nf6 2. Nc3 g6 3. e4 e5 4. d4 exd4 5. Qxd4 Nc6 6. Qd1 Bg7 7. Be2 0-0 8. Nf3 d6 9. 0-0 Re8 10. Qc2 Bg4 11. Be3 Ne5 12. Nxe5 Bxe2 13. Nxf7 Kxf7 14. Qxe2 Kg8 15. f3 c6 16. Qd2 Re6 17. Rad1 Qc7 18. Qf2 Rf8 19. Qd2 Nd7 20. Rc1 Ne5 21. Ne2 c5 22. Nf4 Ree8 23. Qd5+ Qf7 24. Rfd1 Qxd5 25. Nxd5 Nc6 26. b3 Nd4 27. Rd2 Rf7 28. Kh1 Be5 29. Rcd1 b6 30. Bxd4 Bxd4 31. Rd3 h5 32. Nc3 g5 33. Nb5 Be5 34. Nxd6 Rd8 35. Nxf7 Kxf7 36. Rd7+ 1-0

[Event "Montigny le Bretonneux op 5th"]
[Site "Montigny le Bretonneux"]
[Date "2006.11.04"]
[Round "8.2"]
[White "Ferriere, Patrick"]
[Black "Bouvier, Clement"]
[Result "0-1"]
[WhiteElo "1735"]
[BlackElo "1750"]
[PlyCount "64"]
[EventDate "2006.10.28"]
[EventType "swiss"]
[EventRounds "9"]
[EventCountry "FRA"]
[SourceTitle "EXT 2007"]
[Source "ChessBase"]
[SourceDate "2006.11.23"]
[SourceVersion "1"]
[SourceVersionDate "2006.11.23"]
[SourceQuality "1"]

1. c4 d6 2. Nf3 Nf6 3. Nc3 g6 4. g3 Bg7 5. Bg2 c6 6. d3 Na6 7. 0-0 0-0 8. Rb1 Nc7 9. e4 Nd7 10. Bd2 f5 11. exf5 Rxf5 12. Bh3 Rxf3 13. Qxf3 Ne5 14. Qg2 Bxh3 15. Qxh3 Nf3+ 16. Kg2 Nxd2 17. Ne4 Nxf1 18. Kxf1 Qc8 19. Qh4 Qf5 20. Rd1 Qh5 21. Qxh5 gxh5 22. b3 Rf8 23. Kg2 Bd4 24. f3 Ne6 25. f4 Ng7 26. Rd2 e5 27. Nxd6 exf4 28. gxf4 Rxf4 29. Nxb7 Nf5 30. Nd6 Ne3+ 31. Kh3 Rf3+ 32. Kh4 Bf6+ 0-1

[Event "Montigny le Bretonneux op 5th"]
[Site "Montigny le Bretonneux"]
[Date "2006.11.03"]
[Round "7.4"]
[White "Kermadec, Olivier"]
[Black "Ferriere, Patrick"]
[Result "1-0"]
[WhiteElo "1640"]
[BlackElo "1735"]
[PlyCount "33"]
[EventDate "2006.10.28"]
[EventType "swiss"]
[EventRounds "9"]
[EventCountry "FRA"]
[SourceTitle "EXT 2007"]
[Source "ChessBase"]
[SourceDate "2006.11.23"]
[SourceVersion "1"]
[SourceVersionDate "2006.11.23"]
[SourceQuality "1"]

1. d4 d5 2. Nf3 Bg4 3. Ne5 Bh5 4. c4 c6 5. cxd5 Qxd5 6. Nc3 Qa5 7. Qc2 f6 8. Nc4 Qc7 9. g3 Nd7 10. Bf4 e5 11. dxe5 fxe5 12. Nxe5 Nxe5 13. Qf5 Bg6 14. Qxe5+ Qxe5 15. Bxe5 0-0-0 16. Bh3+ Rd7 17. Rd1 1-0

[Event "Montigny le Bretonneux op 5th"]
[Site "Montigny le Bretonneux"]
[Date "2006.10.31"]
[Round "4.4"]
[White "Ferriere, Patrick"]
[Black "Mongey, Alain"]
[Result "1/2-1/2"]
[WhiteElo "1735"]
[BlackElo "1632"]
[PlyCount "46"]
[EventDate "2006.10.28"]
[EventType "swiss"]
[EventRounds "9"]
[EventCountry "FRA"]
[SourceTitle "EXT 2007"]
[Source "ChessBase"]
[SourceDate "2006.11.23"]
[SourceVersion "1"]
[SourceVersionDate "2006.11.23"]
[SourceQuality "1"]

1. c4 e6 2. g3 d5 3. cxd5 exd5 4. Bg2 c6 5. Nf3 Nf6 6. d3 Bd6 7. Nc3 0-0 8. Bd2 Bg4 9. h3 Bh5 10. Qb3 Qc7 11. g4 Bg6 12. 0-0-0 Nbd7 13. Kb1 Qb6 14. Nd4 Qxd4 15. Be3 Qb4 16. Qxb4 Bxb4 17. f4 Rfe8 18. Bc1 h6 19. f5 Bh7 20. Bf3 Nc5 21. Rdg1 Kf8 22. h4 Nfd7 23. Bf4 f6 1/2-1/2

[Event "Montigny le Bretonneux op 5th"]
[Site "Montigny le Bretonneux"]
[Date "2006.10.30"]
[Round "3.2"]
[White "Duval, Dominique"]
[Black "Ferriere, Patrick"]
[Result "0-1"]
[WhiteElo "1810"]
[BlackElo "1735"]
[PlyCount "72"]
[EventDate "2006.10.28"]
[EventType "swiss"]
[EventRounds "9"]
[EventCountry "FRA"]
[SourceTitle "EXT 2007"]
[Source "ChessBase"]
[SourceDate "2006.11.23"]
[SourceVersion "1"]
[SourceVersionDate "2006.11.23"]
[SourceQuality "1"]

1. d4 d5 2. Bf4 e6 3. e3 c6 4. Nf3 Be7 5. Bd3 f5 6. h3 Nf6 7. Nbd2 0-0 8. Ne5 Nbd7 9. Ndf3 Ne4 10. Nxd7 Bxd7 11. Ne5 Be8 12. f3 Bh4+ 13. g3 Nxg3 14. Bxg3 Bxg3+ 15. Kd2 f4 16. Qg1 fxe3+ 17. Ke2 Bxe5 18. dxe5 Bh5 19. Rf1 d4 20. Qg3 Qa5 21. Qe1 Qxe5 22. h4 Rf6 23. Rh3 Bg6 24. Rg3 Bxd3+ 25. cxd3 Raf8 26. Rfg1 g6 27. h5 Qxh5 28. Rh1 Qc5 29. Qd1 R8f7 30. Rhh3 Qd5 31. a3 Rf5 32. Qg1 Rg7 33. Rg4 c5 34. Qh2 Qb3 35. Rxh7 Rxh7 36. Rxg6+ Rg7 0-1

[Event "Montigny le Bretonneux op 5th"]
[Site "Montigny le Bretonneux"]
[Date "2006.10.29"]
[Round "2.5"]
[White "Ferriere, Patrick"]
[Black "Korsak, Gregoire"]
[Result "1/2-1/2"]
[WhiteElo "1735"]
[BlackElo "1670"]
[PlyCount "101"]
[EventDate "2006.10.28"]
[EventType "swiss"]
[EventRounds "9"]
[EventCountry "FRA"]
[SourceTitle "EXT 2007"]
[Source "ChessBase"]
[SourceDate "2006.11.23"]
[SourceVersion "1"]
[SourceVersionDate "2006.11.23"]
[SourceQuality "1"]

1. c4 e5 2. Nc3 Nc6 3. g3 Bc5 4. Bg2 Nge7 5. Ne4 d6 6. Nxc5 dxc5 7. Nf3 Be6 8. b3 Qd7 9. Ba3 f6 10. Bxc5 e4 11. Ng1 f5 12. Nh3 0-0-0 13. Nf4 Bf7 14. h4 b6 15. Ba3 Qd4 16. Rb1 Rhg8 17. d3 Qc3+ 18. Qd2 Qxd2+ 19. Kxd2 Rd7 20. Kc3 exd3 21. exd3 Ne5 22. Rhe1 N7c6 23. Re2 Rgd8 24. Rd1 h6 25. Red2 g5 26. hxg5 hxg5 27. Nd5 Bh5 28. Bh1 Bf3 29. Bxf3 Nxf3 30. Re2 Nfd4 31. Ne7+ Nxe7 32. Rxe7 c5 33. Rxd7 Rxd7 34. Re1 a5 35. Bc1 g4 36. Re8+ Rd8 37. Rxd8+ Kxd8 38. Be3 Ne2+ 39. Kd2 Nd4 40. Kc3 Ne2+ 41. Kd2 Nd4 42. Bg5+ Kd7 43. Ke3 Nc6 44. Kd2 Ke6 45. Kc3 Kd7 46. Be3 Ke6 47. d4 cxd4+ 48. Bxd4 Nxd4 49. Kxd4 Kd6 50. a4 Ke6 51. c5 1/2-1/2

[Event "Elancourt op"]
[Site "Elancourt"]
[Date "2006.04.19"]
[Round "5"]
[White "Ferriere, Patrick"]
[Black "Bouvier, Robert"]
[Result "0-1"]
[WhiteElo "1660"]
[BlackElo "1860"]
[PlyCount "62"]
[EventDate "2006.04.16"]
[EventType "swiss"]
[EventRounds "9"]
[EventCountry "FRA"]
[SourceTitle "CBM 111 Extra"]
[Source "ChessBase"]
[SourceDate "2006.05.09"]
[SourceVersion "1"]
[SourceVersionDate "2006.05.09"]
[SourceQuality "1"]

1. c4 Nf6 2. Nf3 e6 3. Nc3 d5 4. cxd5 exd5 5. g3 c6 6. Bg2 d4 7. Nb1 c5 8. d3 Bd6 9. Nbd2 0-0 10. 0-0 Re8 11. Nc4 Bc7 12. a3 Nc6 13. Rb1 Rb8 14. Bd2 b5 15. Rc1 bxc4 16. Rxc4 Bd6 17. b4 Ne5 18. Nxe5 Bxe5 19. Rxc5 Bb7 20. Bh3 Nd7 21. Rc2 Nb6 22. e4 dxe3 23. Bxe3 Qd5 24. f3 Bd4 25. Bxd4 Qxd4+ 26. Kg2 Re3 27. Rff2 Rbe8 28. Bg4 g6 29. Rfe2 f5 30. Rxe3 Rxe3 31. Kf1 fxg4 0-1

[Event "Elancourt op"]
[Site "Elancourt"]
[Date "2006.04.17"]
[Round "2"]
[White "Ferriere, Patrick"]
[Black "Costa, Pierre Jean"]
[Result "1-0"]
[WhiteElo "1660"]
[BlackElo "1860"]
[PlyCount "57"]
[EventDate "2006.04.16"]
[EventType "swiss"]
[EventRounds "9"]
[EventCountry "FRA"]
[SourceTitle "CBM 111 Extra"]
[Source "ChessBase"]
[SourceDate "2006.05.09"]
[SourceVersion "1"]
[SourceVersionDate "2006.05.09"]
[SourceQuality "1"]

1. c4 e5 2. Nc3 Nf6 3. Nf3 Nc6 4. g3 d5 5. cxd5 Nxd5 6. Bg2 Nb6 7. d3 Be7 8. 0-0 0-0 9. Bd2 Be6 10. a3 a5 11. Rc1 f6 12. Ne4 Nd7 13. Be3 Bd5 14. Nc3 Be6 15. d4 Nxd4 16. Bxd4 exd4 17. Nxd4 Bf7 18. Bxb7 Ne5 19. Bxa8 Qxa8 20. Nf5 Bc5 21. Nb5 Bb6 22. Nxc7 Bxc7 23. Rxc7 Rd8 24. Qc1 Be6 25. Rxg7+ Kh8 26. Rxh7+ Kg8 27. Rg7+ Kf8 28. Qc5+ Ke8 29. Qe7# 1-0

[Event "Elancourt op"]
[Site "Elancourt"]
[Date "2006.04.16"]
[Round "1"]
[White "Fauvel, Jean Pierre"]
[Black "Ferriere, Patrick"]
[Result "1/2-1/2"]
[WhiteElo "1992"]
[BlackElo "1660"]
[PlyCount "93"]
[EventDate "2006.04.16"]
[EventType "swiss"]
[EventRounds "9"]
[EventCountry "FRA"]
[SourceTitle "CBM 111 Extra"]
[Source "ChessBase"]
[SourceDate "2006.05.09"]
[SourceVersion "1"]
[SourceVersionDate "2006.05.09"]
[SourceQuality "1"]

1. e4 d6 2. d4 Nf6 3. Bd3 c5 4. c3 cxd4 5. cxd4 g6 6. Nc3 Bg7 7. Nge2 Nc6 8. 0-0 0-0 9. Bg5 h6 10. Be3 Ng4 11. Qd2 Nxe3 12. Qxe3 Qb6 13. Nd5 Qd8 14. Rad1 e6 15. Ndc3 Qb6 16. Nb5 Nb4 17. a3 Nxd3 18. Qxd3 Bd7 19. Nbc3 Rac8 20. b4 a6 21. Kh1 Qc7 22. Rc1 Qc4 23. Qe3 Qb3 24. Rb1 Qxa3 25. Ra1 Qb3 26. Rfb1 Qc4 27. f4 Bxd4 28. Nxd4 Qxc3 29. Qf2 Rc4 30. Nf3 Qg7 31. e5 d5 32. Nd2 Rc2 33. Qd4 Bb5 34. h3 f6 35. Ra3 fxe5 36. fxe5 Rf5 37. Nf3 Qc7 38. Qe3 Kg7 39. Nd4 Rxe5 40. Nxe6+ Rxe6 41. Qxe6 Rc1+ 42. Rxc1 Qxc1+ 43. Kh2 Qxa3 44. Qe7+ Kg8 45. Qd8+ Kg7 46. Qe7+ Kg8 47. Qd8+ 1/2-1/2

[Event "Montigny le Bretonneux-C 4th"]
[Site "Montigny le Bretonneux"]
[Date "2005.10.28"]
[Round "7"]
[White "Rivier, Sylvain"]
[Black "Ferriere, Patrick"]
[Result "1-0"]
[WhiteElo "1640"]
[BlackElo "1640"]
[PlyCount "53"]
[EventDate "2005.10.22"]
[EventType "tourn"]
[EventRounds "9"]
[EventCountry "FRA"]
[SourceTitle "EXT 2008"]
[Source "ChessBase"]
[SourceDate "2007.11.25"]
[SourceVersion "1"]
[SourceVersionDate "2007.11.25"]
[SourceQuality "1"]

1. e4 d6 2. d4 Nf6 3. Nc3 g6 4. Bc4 Bg7 5. Nf3 c6 6. a4 d5 7. Bd3 dxe4 8. Nxe4 0-0 9. c3 Bg4 10. h3 Be6 11. 0-0 Nxe4 12. Bxe4 Bd5 13. Re1 e6 14. Qe2 Qb6 15. Bxd5 cxd5 16. Ne5 Qd8 17. Qb5 Qc7 18. Bf4 Nc6 19. Nxg6 e5 20. Nxe5 Nxe5 21. Bxe5 Bxe5 22. Rxe5 Qc6 23. Qxd5 Qxd5 24. Rxd5 Rfe8 25. Kf1 Re7 26. Re1 Rae8 27. Rde5 1-0

[Event "Montigny le Bretonneux-C 4th"]
[Site "Montigny le Bretonneux"]
[Date "2005.10.27"]
[Round "6"]
[White "Ferriere, Patrick"]
[Black "Blasco, Robert"]
[Result "1-0"]
[WhiteElo "1640"]
[BlackElo "1360"]
[PlyCount "85"]
[EventDate "2005.10.22"]
[EventType "tourn"]
[EventRounds "9"]
[EventCountry "FRA"]
[SourceTitle "EXT 2008"]
[Source "ChessBase"]
[SourceDate "2007.11.25"]
[SourceVersion "1"]
[SourceVersionDate "2007.11.25"]
[SourceQuality "1"]

1. c4 e5 2. Nc3 Bb4 3. g3 c6 4. Bg2 Nf6 5. e3 d6 6. Nge2 Nbd7 7. a3 Bxc3 8. Nxc3 a5 9. 0-0 0-0 10. Rb1 Nb6 11. b3 Nbd7 12. d4 Rb8 13. Bb2 Re8 14. Qd2 Qc7 15. Rbd1 b6 16. dxe5 dxe5 17. Qd6 Qxd6 18. Rxd6 Bb7 19. Bxc6 Bxc6 20. Rxc6 Nc5 21. b4 axb4 22. axb4 Nd3 23. Ba1 Nxb4 24. Rd6 Red8 25. Nb5 e4 26. Bd4 Rxd6 27. Nxd6 Nd7 28. Nxe4 Nc2 29. Bc3 Na3 30. Rd1 Nc5 31. Be5 Rc8 32. Nxc5 bxc5 33. Rc1 f6 34. Bb2 Ra8 35. Ra1 Ra4 36. Rxa3 Rxc4 37. Rc3 Rxc3 38. Bxc3 c4 39. Kf1 Kf7 40. Ke2 Ke6 41. e4 g6 42. Ke3 f5 43. f3 1-0

[Event "Montigny le Bretonneux-C 4th"]
[Site "Montigny le Bretonneux"]
[Date "2005.10.25"]
[Round "3"]
[White "Ferriere, Patrick"]
[Black "Perodeau, Guillaume"]
[Result "1/2-1/2"]
[WhiteElo "1640"]
[BlackElo "1530"]
[PlyCount "116"]
[EventDate "2005.10.22"]
[EventType "tourn"]
[EventRounds "9"]
[EventCountry "FRA"]
[SourceTitle "EXT 2008"]
[Source "ChessBase"]
[SourceDate "2007.11.25"]
[SourceVersion "1"]
[SourceVersionDate "2007.11.25"]
[SourceQuality "1"]

1. c4 e5 2. Nc3 Nf6 3. g3 Nc6 4. Bg2 Bc5 5. Nf3 0-0 6. 0-0 d6 7. d3 h6 8. a3 a5 9. Bd2 Bf5 10. Nd5 Nxd5 11. cxd5 Nd4 12. Nxd4 Bxd4 13. e4 Bd7 14. Qc2 c6 15. dxc6 Bxc6 16. Rac1 Qb6 17. b4 a4 18. Qd1 Bb5 19. Bc3 Rac8 20. Bxd4 Qxd4 21. Qg4 Rxc1 22. Rxc1 Qxd3 23. Bf1 Qxa3 24. Rc8 Qa1 25. Rxf8+ Kxf8 26. Qc8+ Be8 27. Kg2 a3 28. Bb5 Kg8 29. Qxe8+ Kh7 30. Bc4 Qd4 31. Qxf7 Qxe4+ 32. Kh3 b6 33. Qg8+ Kg6 34. Qd5 Qxd5 35. Bxd5 Kf5 36. Kg2 e4 37. f3 exf3+ 38. Kxf3 Ke5 39. Ba2 Kd4 40. Kf4 Kc3 41. b5 Kb2 42. Bd5 a2 43. Bxa2 Kxa2 44. Ke4 Kb3 45. Kd5 Kb4 46. Kc6 Ka5 47. h4 d5 48. Kxd5 Kxb5 49. Ke6 Kc4 50. Kf7 b5 51. Kxg7 b4 52. Kxh6 b3 53. g4 b2 54. g5 b1Q 55. h5 Qb6+ 56. g6 Kd5 57. Kh7 Qb1 58. Kh6 Ke6 1/2-1/2

[Event "Elancourt op"]
[Site "Elancourt"]
[Date "2005.04.24"]
[Round "2"]
[White "Ferriere, Patrick"]
[Black "Benchara, Imane"]
[Result "1-0"]
[WhiteElo "1720"]
[BlackElo "1320"]
[PlyCount "67"]
[EventDate "2005.04.23"]
[EventType "swiss"]
[EventRounds "9"]
[EventCountry "FRA"]
[SourceTitle "CBM 105 Extra"]
[Source "ChessBase"]
[SourceDate "2005.05.01"]
[SourceVersion "1"]
[SourceVersionDate "2005.05.01"]
[SourceQuality "1"]

1. c4 Nf6 2. g3 d5 3. cxd5 Qxd5 4. Nf3 e6 5. Bg2 Bc5 6. Nc3 Qd8 7. 0-0 0-0 8. Qc2 Nc6 9. a3 Bd7 10. b4 Bd6 11. Bb2 Ng4 12. Rac1 Qf6 13. Ne4 Qh6 14. Nxd6 Nd4 15. Bxd4 e5 16. Bxe5 cxd6 17. Bf4 Rac8 18. Bxh6 Rxc2 19. Rxc2 Nxh6 20. Rfc1 Nf5 21. e3 Ne7 22. Rc7 Rd8 23. Rxb7 h6 24. Rcc7 Nd5 25. Rxd7 Rc8 26. Ne1 Nf6 27. Rxf7 Nh5 28. Bd5 Kh7 29. g4 Nf6 30. Rxf6 Rg8 31. Bxg8+ Kh8 32. Rf8 a5 33. Be6+ Kh7 34. Bf5# 1-0

[Event "Montigny le Bretonneux Noel op 07th"]
[Site "Montigny le Bretonneux"]
[Date "2004.12.26"]
[Round "1"]
[White "Ferriere, Patrick"]
[Black "Laurent, Dominique"]
[Result "0-1"]
[WhiteElo "1700"]
[BlackElo "2007"]
[PlyCount "78"]
[EventDate "2004.12.??"]
[EventType "swiss"]
[EventRounds "7"]
[EventCountry "FRA"]
[SourceTitle "EXT 2006"]
[Source "ChessBase"]
[SourceDate "2005.11.24"]
[SourceVersion "1"]
[SourceVersionDate "2005.11.24"]
[SourceQuality "1"]

1. c4 e5 2. Nc3 f5 3. g3 Nc6 4. Bg2 Nf6 5. d3 Bc5 6. Nf3 0-0 7. 0-0 d6 8. a3 a5 9. Nd5 Nxd5 10. cxd5 Ne7 11. d4 exd4 12. Nxd4 Ng6 13. Ne6 Bxe6 14. dxe6 c6 15. Qb3 Qc7 16. e7+ Rf7 17. Bh3 Nxe7 18. Bg5 d5 19. e4 fxe4 20. Be6 Nf5 21. Be3 Bd6 22. Qc3 Qe7 23. Bxf7+ Qxf7 24. f4 c5 25. Qe1 d4 26. Bd2 Qd5 27. g4 Nh6 28. h3 c4 29. Qe2 Bc5 30. Kh2 e3 31. Bc1 d3 32. Qf3 Qxf3 33. Rxf3 Re8 34. Kg2 Bd4 35. Rb1 b5 36. f5 b4 37. axb4 axb4 38. Rf4 e2 39. Bd2 c3 0-1

[Event "Montigny le Bretonneux 3rd"]
[Site "Montigny le Bretonneux"]
[Date "2004.10.31"]
[Round "8"]
[White "Roux, Jean Luc"]
[Black "Ferriere, Patrick"]
[Result "1-0"]
[WhiteElo "1912"]
[BlackElo "1700"]
[PlyCount "67"]
[EventDate "2004.10.??"]
[EventType "swiss"]
[EventRounds "9"]
[EventCountry "FRA"]
[SourceTitle "EXT 2006"]
[Source "ChessBase"]
[SourceDate "2005.11.24"]
[SourceVersion "1"]
[SourceVersionDate "2005.11.24"]
[SourceQuality "1"]

1. e4 d6 2. d4 Nf6 3. Nc3 g6 4. f3 c6 5. Be3 Nbd7 6. Bc4 b5 7. Bb3 Nb6 8. Nge2 Nc4 9. Bxc4 bxc4 10. 0-0 Bg7 11. Qd2 Qc7 12. Ng3 Ba6 13. f4 Ng4 14. f5 Nxe3 15. Qxe3 Qb6 16. Nge2 0-0 17. Rf3 h5 18. Raf1 Kh7 19. Qg5 Bf6 20. Qe3 g5 21. Rh3 Kh6 22. Qf3 Rh8 23. Rxh5+ Kg7 24. Rxh8 Rxh8 25. Qe3 Qxb2 26. e5 Qxc2 27. exf6+ Kxf6 28. Ne4+ Kg7 29. Qxg5+ Kf8 30. f6 Ke8 31. Qg7 Rf8 32. N2c3 Qd3 33. fxe7 Kxe7 34. Qf6+ 1-0

[Event "Montigny le Bretonneux 3rd"]
[Site "Montigny le Bretonneux"]
[Date "2004.10.30"]
[Round "7"]
[White "Ferriere, Patrick"]
[Black "Delpech, Olivier"]
[Result "0-1"]
[WhiteElo "1700"]
[BlackElo "1700"]
[PlyCount "100"]
[EventDate "2004.10.??"]
[EventType "swiss"]
[EventRounds "9"]
[EventCountry "FRA"]
[SourceTitle "EXT 2006"]
[Source "ChessBase"]
[SourceDate "2005.11.24"]
[SourceVersion "1"]
[SourceVersionDate "2005.11.24"]
[SourceQuality "1"]

1. c4 Nf6 2. Nc3 g6 3. g3 Bg7 4. Bg2 c6 5. Nf3 0-0 6. 0-0 d6 7. d3 Nbd7 8. Qc2 Re8 9. Rb1 a5 10. b4 axb4 11. Rxb4 e5 12. Nd2 Nc5 13. Nde4 Ncxe4 14. Nxe4 Nxe4 15. Bxe4 f5 16. Bg2 Qe7 17. Qb3 Kh8 18. e4 Bf8 19. Ra4 Rxa4 20. Qxa4 Bd7 21. Bb2 b5 22. cxb5 cxb5 23. Qb4 Qf7 24. Qb3 Qf6 25. f4 Bg7 26. fxe5 dxe5 27. Bh3 Qb6+ 28. Kh1 Be6 29. Qb4 Qb7 30. Bg2 Qd7 31. Qd2 Bc4 32. exf5 gxf5 33. Qg5 Bxd3 34. Rd1 h6 35. Qh5 Rd8 36. Rd2 Qe6 37. Qd1 e4 38. Bxg7+ Kxg7 39. Bf1 Qc4 40. Bxd3 Rxd3 41. Kg2 Qd5 42. Rxd3 exd3+ 43. Kg1 d2 44. Kf2 Qxa2 45. Ke2 Qc4+ 46. Kxd2 Qd4+ 47. Kc2 Qxd1+ 48. Kxd1 Kg6 49. Kd2 Kg5 50. h3 f4 0-1